000 00820nam a2200265 i 4500
001 146410
003 ES-MaACL
005 20250717094525.0
007 t|
008 070910s1974 sp ||||1| spa d
080 _a618.1(02)
080 _a618.2(02)
100 1 _aTourris, Henri de.
_9111151
245 1 0 _aManual de ginecología y obstetricia /
_cpor H. de Tourris, R. Henrion ; prefacio F. Lepage ; versión de L. Mir Davant.
250 _a[1ª ed.].
260 _aBarcelona :
_bToray-Masson,
_c[1974]
300 _aXVI, 493 p. :
_bil. ;
_c21 cm.
650 0 4 _aGinecología.
_913119
650 7 _aObstetricia
_2embne
_915676
700 1 _aHenrion, Roger.
_962577
700 1 _aLepage, F.
_971712
700 1 _aMir Davant, Luis.
_981431
852 _aES-MaACL
_jE-8599
_bR.93047
999 _c146410
_d146410